000 00481nam a2200145 4500
999 _c507998
_d507998
008 190302b ||||| |||| 00| 0 eng d
100 _aGoetz, Anne Marie
_92966
245 _aFeminist activism and the politics of reform:
_bwhen and why do states respond to demands for gender equality policies?
260 _c2018
300 _ap.714-734.
650 _aFeminist mobilization
_92964
773 _aDevelopment and Change
906 _aGender equality - Policy
942 _2ddc
_cAR